|
|
|
|
| LEADER |
01603nam a2200277 a 4500 |
| 001 |
17445 |
| 003 |
BD-DhAAL |
| 008 |
090506s1962 xx 000 0 eng d |
| 010 |
|
|
|a \\\61014684
|
| 020 |
|
|
|a 07022370x
|
| 040 |
|
|
|a DLC
|c OWibfC
|d Uk
|d DLC
|d BD-DhAAL
|
| 082 |
0 |
0 |
|a 620.0028
|2 16
|
| 100 |
1 |
|
|a Fribance, Austin E.
|9 57458
|
| 245 |
1 |
0 |
|a Industrial instrumentation fundamentals /
|c Austin E.Fribance.
|
| 260 |
|
|
|a New York :
|b McGraw-Hill,
|c c1962.
|
| 300 |
|
|
|a viii, 776 pages :
|b illustrations ;
|c 24 cm
|
| 504 |
|
|
|a Includes index.
|
| 526 |
|
|
|a MNS
|x Mahabobe Shobahani,
Faculty member of BRAC University
Course Name : Measurements & Measuring Instruments (APE 401)
|
| 541 |
1 |
|
|e 17445, 17701
|a Essence Science Publications
|
| 650 |
|
0 |
|a Engineering instruments.
|
| 650 |
|
0 |
|a Physical instruments.
|9 57459
|
| 852 |
4 |
|
|a Ayesha Abed Library
|c General Stacks
|
| 942 |
|
|
|2 ddc
|c BK
|
| 999 |
|
|
|c 8505
|d 8505
|
| 952 |
|
|
|0 0
|1 0
|2 ddc
|4 0
|6 620_002800000000000_FRI_1962
|7 0
|9 10030
|a BRACUL
|b BRACUL
|c GEN
|d 2010-05-11
|e Essence Science Publications
|g 3500.00
|l 0
|o 620.0028 FRI
|p 3010017701
|r 2010-05-11
|t 2
|w 2010-05-11
|y BK
|x Requisitioned by Mahabobe Shobahani (Faculty member of BRAC University) for the course named - "Measurements & Measuring Instruments (APE 401)".
|
| 952 |
|
|
|0 0
|1 0
|2 ddc
|4 0
|6 620_002800000000000_FRI_1962
|7 0
|9 10031
|a BRACUL
|b BRACUL
|c GEN
|d 2010-05-11
|e Essence Science Publications
|g 3500.00
|l 1
|m 2
|o 620.0028 FRI
|p 3010017445
|r 2017-09-26
|s 2017-09-11
|t 1
|w 2010-05-11
|y BK
|x Requisitioned by Mahabobe Shobahani (Faculty member of BRAC University) for the course named - "Measurements & Measuring Instruments (APE 401)".
|